000 00613nam a2200205Ii 4500
003 JO-AjNU
008 230605s9999||||xx |||||||||||||| ||und||
017 _a2010/9/3592
040 _aJO-AjNU
_bara
_erda
_cJO-AjNU
041 _aara
050 1 4 _aPJ7804 2010
100 3 _aتأليف الخواجا، عمر,
_eauthor
_948998
245 0 0 _aهي لعبة ... ولكن : قصص
264 3 1 _aعمان:وزارة الثقافة،2010
300 _a113ص
336 _atext
_btxt
_2rdacontent
337 _aunmediated
_bn
_2rdamedia
338 _avolume
_bnc
_2rdacarrier
650 4 _aقصص عربية
_948999
999 _aA21494
_c25062
_d25062